000 00758nam a2200265Ia 4500
001 Para_4191
003 CHAP
008 220125s1922 xx 000 0 und d
010 _a202739
040 _cCHAP
090 _aPA FOLLETO 1250
100 _aO'kane, W. C
_982355
245 _aDiffusion of carbon bisulphide in soíl /
_c by W. C. O' kane
260 _aDurham, N. H. :
_b Agricultural Experiment Station
300 _a36 p.
440 _aNew Hampshire Agri. Exp. Sta. Technical bulletin; 20
_9168091
650 _aSuelos
_x Carbón en
_9110233
901 _aPA FOLLETO 1250
902 _aA
905 _a0000001922 DUR 0000000000 00
910 _a1922
942 _cPARA
942 _cPARA
_d1
999 _c202739
_d202739